000
00307nam a22001457a 4500
003
OSt
005
20160727222353.0
008
160622b xxu||||| |||| 00| 0 eng d
040
_c
Test
100
_9
444
_a
Pai, A
245
_a
Tinkle
260
_a
India Book House
_c
1992
300
_a
Tinkle
942
_2
ddc
_c
BK
999
_c
365
_d
365